Normal view MARC view
  • ELECTRONIC DATA PROCESSING DOCUMENTATION ACC NO-0-471-62259-1

Entry Topical Term

Number of records used in: 1

001 - CONTROL NUMBER

  • control field: 73997

003 - CONTROL NUMBER IDENTIFIER

  • control field: NUST

005 - DATE AND TIME OF LATEST TRANSACTION

  • control field: 20210628205120.0

008 - FIXED-LENGTH DATA ELEMENTS

  • fixed length control field: 210628|| aca||aabn | a|a d

040 ## - CATALOGING SOURCE

  • Original cataloging agency: NUST
  • Transcribing agency: NUST

150 ## - HEADING--TOPICAL TERM

  • Topical term or geographic name entry element: ELECTRONIC DATA PROCESSING DOCUMENTATION ACC NO-0-471-62259-1

670 ## - SOURCE DATA FOUND

  • Source citation: Work cat.: (NUST): Brockmann, R. J 73996, Writing better computer user documentation from paper to hypertext version 2.0, 1990
© 2023 Central Library, National University of Sciences and Technology. All Rights Reserved.